Drapeaux des pays du monde - Statistiques

Statistiques générales
  • Ce quiz a été pris 1 383 fois
  • Le résultat moyen est 112 sur 197
Statistiques - réponses
Par images Réponse % Correct
Royaume-Uni
100%
Canada
99%
Espagne
99%
France
99%
Japon
99%
Allemagne
98%
Australie
98%
Brésil
98%
Corée du sud
97%
Irlande
97%
Italie
97%
Afrique du sud
96%
Algérie
96%
Belgique
96%
Chine
96%
Portugal
96%
Mexique
95%
Russie
95%
Ukraine
95%
Nouvelle-Zélande
94%
Suède
94%
Finlande
93%
Norvège
93%
États-Unis
92%
Danemark
91%
Pologne
91%
Égypte
89%
Grèce
88%
Turquie
88%
Corée du nord
87%
Inde
87%
Islande
87%
Bulgarie
86%
Hongrie
85%
Monaco
85%
Tunisie
85%
Uruguay
85%
Croatie
84%
Roumanie
84%
Pays-Bas
83%
Slovaquie
81%
Suisse
81%
Colombie
80%
Népal
80%
Serbie
80%
Slovénie
79%
Luxembourg
78%
Maroc
78%
Chypre
77%
Géorgie
77%
Cité du Vatican
76%
Nigeria
76%
Indonésie
75%
Israël
75%
Qatar
74%
Venezuela
74%
Bangladesh
73%
République démocratique du Congo
73%
Irak
72%
Panama
72%
Macédoine du nord
71%
Équateur
70%
Malte
70%
Thaïlande
70%
Chili
69%
Pérou
69%
Singapour
69%
Cuba
68%
Jamaïque
68%
Sénégal
68%
Andorre
67%
Autriche
67%
Malaisie
67%
Pakistan
67%
Estonie
66%
Kazakhstan
66%
Kenya
66%
Saint-Marin
66%
Syrie
66%
Costa Rica
65%
Kosovo
65%
Argentine
64%
Iran
64%
Arménie
63%
Viêt Nam
63%
Liban
62%
Albanie
61%
Afghanistan
59%
Moldavie
59%
République Dominicaine
59%
Arabie saoudite
58%
Éthiopie
58%
Lettonie
58%
République Tchèque
58%
Tanzanie
57%
Biélorussie
56%
Géorgie
56%
Lituanie
56%
Yémen
56%
Fidji
55%
Monténégro
55%
Philippines
55%
Tchad
55%
Liberia
54%
Mali
54%
Liechtenstein
52%
Somalie
52%
Cap-Vert
51%
Gabon
51%
Ouzbékistan
51%
Sri Lanka
51%
Azerbaïdjan
50%
Madagascar
50%
Turkménistan
49%
Cambodge
48%
Cameroun
48%
Paraguay
48%
Togo
48%
Seychelles
46%
Tonga
46%
Birmanie
45%
Soudan
44%
Angola
43%
Bahrein
43%
Bhoutan
43%
Haiti
43%
Mauritanie
43%
Kirghizistan
42%
Niger
42%
Nicaragua
41%
Maldives
40%
Mongolie
40%
Bénin
39%
Guinée
39%
Îles Marshall
39%
Laos
39%
Libye
39%
Sainte-Lucie
39%
Sierra Leone
39%
Brunei
38%
Kiribati
38%
Namibie
38%
Tadjikistan
38%
Taïwan
38%
Palestine
37%
Samoa
37%
Bahamas
36%
Belize
36%
Burundi
36%
États fédérés de Micronésie
36%
Honduras
36%
Mozambique
36%
Oman
36%
Papouasie-Nouvelle-Guinée
36%
Émirats Arabes Unis
35%
Île Maurice
35%
Palaos
35%
Zambie
35%
Gambie
34%
Djibouti
33%
Nauru
33%
Rwanda
32%
Burkina Faso
31%
Grenade
31%
Guatemala
31%
Guinée-Bissau
31%
Jordanie
31%
Suriname
31%
Trinité-et-Tobago
31%
Comores
30%
République Centrafricaine
30%
Soudan du sud
30%
Vanuatu
29%
Îles Salomon
28%
Antigua-et-Barbuda
27%
Botswana
27%
Eswatini
27%
Guyana
27%
Saint-Vincent-et-les-Grenadines
27%
Lesotho
26%
Tuvalu
26%
Érythrée
25%
Bolivie
24%
Groenland
24%
Malawi
24%
Timor-Leste
24%
Guinée Équatoriale
23%
Hong Kong
23%
Barbades
22%
São-Tomé-et-Principé
18%
Saint-Cristophe-et-Niévès
16%
Salvadore
13%
Îles Cook
8%
Bosnie & Herségovine
6%
Niue
6%
Sahara Occidental
5%
Kuweit
3%
Aucun quiz correspondant
Distribution des résultats
% des personnes avec chaque résultat
Percentile par nombre de réponses
Votre historique - résultats
Vous n’avez pas pris ce quiz